Score 0/20 Timer 05:00
0 Plays Today
Phrase Missing Word % Correct
Another One Bites The _____Dust
99.5%
Don't bite off more than you can _____Chew
97.3%
Love at ____ BiteFirst
95.2%
Bite the _____ that feeds youHand
94.8%
His ____ is worse than his biteBark
92%
Peter Parker got his powers from a _____ biteSpider
88.1%
Bite someone's _____ offHead
84.1%
Once Bitten _____ ShyTwice
81%
Bite the ____Bullet
78.8%
_____ BitesLove
78.2%
Phrase Missing Word % Correct
Bite - ______Sized
74.6%
_____ BiteSound
74.2%
But if a man bites a _____, that is newsDog
72.5%
Take a bite out of ____Crime
72.1%
_____ bitingNail
72%
Bite _____Marks
63.8%
The Bite _____Fight
61.6%
_____ the bite on them Put
56.3%
_____ BitesReality
47.7%
Go ahead, bite the Big _____, don't mind the maggotsApple
35.9%

Today's Daily Dose

Missing Word
I Hardly Know Her!

Word Ladder
Sentence Ending

Quick Pick
Female Firsts

Get the Picture
Triathlon Sports

Remove Ads.
Support Sporcle.
Get the best of Sporcle when you Go Orange. This ad-free experience offers more features, more stats, and more fun while also helping to support Sporcle. Thank you for becoming a member.

You're not logged in!

Compare scores with friends on all Sporcle quizzes.
OR
Log In

Show Comments

Extras

Top Quizzes Today


Score Distribution

Your Account Isn't Verified!

In order to create a playlist on Sporcle, you need to verify the email address you used during registration. Go to your Sporcle Settings to finish the process.

Report this User

Report this user for behavior that violates our Community Guidelines.

Details: